000 00702nam a2200205 a 4500
001 000012665
005 20240530073914.0
008 091116s2004 dr 000 f spa d
040 _aDO-SdBNP
_bspa
_cBNPHU
082 _aRD863.5
_bM491s
100 1 _aMedina Sánchez, Whenshy Wilkerson,
_d1976-
_929443
245 1 0 _aSolo la muerte vence el amor /
_cWhenshy Wilkerson Medina; prólogo Danilo Medina Sánchez.
260 _aSanto Domingo :
_bLa Unión,
_c2004.
300 _a122 p. ;
_c22 cm.
590 _aInventariado, 2019/BT
650 0 _aNovela dominicana
_9223
650 0 _aLiteratura dominicana.
_967
700 _aMedina, Danilo
_epról.
_99559
910 _aValidado. Control de calidad MMOLINA
999 _c12316
_d12316